Postava súčasníka v slovenskej próze

Bibliographic Details
Main Author: Sulík, Ivan, 1943-2021 (Author)
Format: Article
Language:Slovak
Subjects:

MARC

LEADER 00000nab a2200000 a 4500
001 vtls000262114
003 SK-MaSNL
005 20260303122359.0
008 111202c1986 xo 0 slo
015 |a SNBRA19rr/mm-uuuuu 
035 |a CL0272228 
040 |a SNKBUCL  |b slo  |c SNKBUCL  |e AACR2 
041 0 |a slo 
044 |a xo  |c SK 
080 |a 82.09:885.4-3  |2 1981 
080 |a 885.4-3  |2 1981 
080 |a 885.4-3.09  |2 1981 
100 1 |a Sulík, Ivan,  |d 1943-2021  |4 aut  |9 223328 
245 1 0 |a Postava súčasníka v slovenskej próze  |c Ivan Sulík 
650 0 7 |a slovenská próza  |2 snkbucl  |9 1206 
655 7 |a články zo zborníkov  |2 snkbucl  |9 166140 
655 7 |a články z odboru literárna veda a krásna literatúra  |2 snkbucl  |9 770045 
773 0 |t Kritika 1  |d Bratislava : Ústav umel. kritiky a divadel. dokumentácie, 1986 
850 |a Slovenská národná knižnica v Martine  |a MTA001 
852 |a SNK  |b KIS3GCP 
958 |a RK 
958 |a LX 
992 |a RZB 
999 |c 1920654  |d 1922584